| 000 | 00882cab a22002055a 4500 | ||
|---|---|---|---|
| 001 | L150489 | ||
| 008 | 100720e20100605xxk 000 0 eng d | ||
| 035 | _a(Sirsi) u150489 | ||
| 041 | 0 | _aeng | |
| 100 | 1 | _aCunningham, Daniel | |
| 245 | 0 | 0 |
_aYorkshire _bindustrial |
| 260 | _c2010 | ||
| 490 |
_aEstates Gazette _v(1022) 5 June 2010, 91-97(6) |
||
| 520 | _aMethods that Yorkshire landlords are using to find alternative use and occupiers for industrial sites. Some landlords are avoiding empty rates liability by paying firms to store merchandise temporarily while are having to sell off warehouses at low prices. Points out that South Yorkshire has 15 warehouses of more than 100 000 square feet on the market. | ||
| 590 | _aKA | ||
| 651 | 4 |
_aYorkshire _y1888- |
|
| 690 | _aPROPERTY-COMMERCIAL PROPERTY-COMMERCIAL PROPERTY MARKET | ||
| 700 | 1 | _aPilkington, Lisa | |
| 942 | _n0 | ||
| 999 |
_c82527 _d82527 |
||